| 000 | 01318nam0a2200301 4500 | ||
|---|---|---|---|
| 001 | RU\NLR\bibl\1852320 | ||
| 005 | 20250616175720.0 | ||
| 010 |
_a978-5-4359-0012-5 _9500 |
||
| 021 |
_aRU _b2011-97326 _96973 |
||
| 035 | _a(NLR Aleph) 001842264 | ||
| 090 |
_a2288514 _c2288514 |
||
| 100 | _a20111222d2011 |||y0rusy50 ca | ||
| 101 | 0 | _arus | |
| 102 | _aRU | ||
| 105 | _ay ||||||||| | ||
| 200 | 1 |
_aНаучно-техническое обеспечение розыскной деятельности в уголовном процессе России _eмонография _fТ.А. Ткачук |
|
| 210 |
_aМосква _cЦентр современных образовательных технологий _d2011 |
||
| 215 |
_a275 с. _cил., цв. ил. _d21 |
||
| 320 | _aБиблиогр. в подстроч. примеч. | ||
| 606 | 1 |
_aОперативно-розыскные мероприятия _xПрименение специальных технических средств _yРоссийская Федерация _92258930 _3RU\NLR\auth\661354574 |
|
| 686 | _aХ629.372с51 | ||
| 700 | 1 |
_aТкачук _bТ. А. _gТатьяна Алексеевна _4070 |
|
| 801 | 0 |
_aRU _bNLR _c20111222 _gRCR |
|
| 801 | 1 |
_aRU _bNLR _c20111222 |
|
| 942 | _cBOOK | ||
| 980 | _aNB | ||
| 980 | _aNBR | ||